000 00469nam a2200181Ia 4500
005 20250508162719.0
008 008 250505s9999 xx 000 0 hin d
037 _aTextual
040 _aFEDL
_beng
_cFEDL
041 _ahin
_2eng
084 _aB, CHA
_qFEDL
100 _aBose S K
245 0 _aBankim Chandra Chatoupadhya
260 _aNew Delhi, India
_bBharat Sarkar
_c1979
300 _a170p.
942 _cTEXL
_hB, CHA
999 _c1378242
_d1378242